| 000 | 01506aam a22004331i 4500 | ||
|---|---|---|---|
| 999 |
_c2135 _d2135 |
||
| 001 | 020044579 | ||
| 003 | Uk | ||
| 005 | 20230310145513.0 | ||
| 006 | m || d | | ||
| 007 | cr ||||||||||| | ||
| 008 | 170821s2017 enka jo 000 f eng d | ||
| 015 |
_aGBC101331 _2bnb |
||
| 020 |
_q(hbk.) _a9781408346136 |
||
| 037 |
_aHachetteUK532595 _bIngram Content Group |
||
| 040 |
_aNLE _beng _cNLE _dUKMGB _dOCLCQ _dUk _dKH8 _erda _epn |
||
| 042 | _aukblsr | ||
| 072 | 7 |
_aJUV _x002190 _2bisacsh |
|
| 072 | 7 |
_aJUV _x002210 _2bisacsh |
|
| 072 | 7 |
_aJUV _x013070 _2bisacsh |
|
| 082 | 0 | 4 |
_a823.92 CHI _223 |
| 100 | 1 |
_aChild, Lauren, _eauthor. |
|
| 245 | 1 | 2 |
_aA dog with nice ears / _cLauren Child. |
| 264 | 1 |
_aLondon : _bOrchard Books, _c2017. |
|
| 300 |
_a1 volume (unpaged) : _bcolour illustrations _c 29 cm |
||
| 336 |
_atext _2rdacontent |
||
| 337 |
_acomputer _2rdamedia |
||
| 338 |
_aonline resource _2rdacarrier |
||
| 490 | 0 |
_aCharlie and Lola ; _v6 |
|
| 600 | 0 | 0 |
_aCharlie _c(Fictitious character from Child) _vPictorial works _vJuvenile fiction. |
| 600 | 0 | 0 |
_aLola _c(Fictitious character from Child) _vPictorial works _vJuvenile fiction. |
| 650 | 7 |
_aFAMILY & RELATIONSHIPS _xSiblings. _2bisacsh |
|
| 650 | 7 |
_aJUVENILE FICTION _xAnimals _xDogs. _2bisacsh |
|
| 650 | 7 |
_aJUVENILE FICTION _xAnimals _xRabbits. _2bisacsh |
|
| 650 | 7 |
_aJUVENILE FICTION _xFamily _xSiblings. _2bisacsh |
|
| 655 | 7 |
_aChildren's stories _vPictorial works. _2gsafd |
|
| 903 | _aELD.DS.579399 | ||
| 942 |
_2ddc _cNFIC |
||